MDQL
is popping MORE tags! Check the
thread
!
Quizzes
Events
Quiz Creation
Community
Videos
Private Events
Remove Ads
Sign In
Join for FREE
Feedback
Dark Mode
Quiz Categories
Sports
Geography
Music
Movies
Television
Just For Fun
Miscellaneous
History
Literature
Language
Science
Gaming
Entertainment
Religion
Holiday
For Kids
Quiz Lab
Recent
Popular Today
Quiz Kudos Today
Editor Picks
Curator Picks
Quizzes by...
Day
Popularity
Type
Ratings
Length
Year
Community
Subscriptions
Recent Discussions
Orange Saloon
Badges
Playlists
Quests
Create
Leaderboards
Showdown
Live 5
Trivia Bingo
Activity
Puzzle Library
Sporcle Events
Private Events
Virtual Trivia
Globe League
Become a Host
Pub Owners
SporcleCon
Opinionation
Our Games
Videos
Blog
Mobile Apps
Partnerships
Remove Ads and Go Orange
Feedback
Entertainment
Celebrity
Famous
Musical
Broadway
Show
Quote
Comic Books
Anime
Superhero
DC Comics
Marvel
Cartoons
Animation
Entertainment
Celebrity
Famous
Musical
Broadway
Show
Quote
Comic Books
Anime
Superhero
DC Comics
Marvel
Cartoons
Animation
Random Quiz
Search Sporcle
×
Quiz Lab
Quiz Lab
Entertainment
Character
Type in answers that appear in a list
Type in answers that appear in a list
Classic
Best Score? Go Orange.
My top10 anti-heroes Stats
Can you name the my top10 anti-heroes?
By
WadeMastel
6m
10 Questions
289 Plays
289 Plays
289 Plays
Comments
Comments
Give Quiz Kudos
Give Quiz Kudos
-
- Ratings
hide this ad
More Info
Replay
Link that replays current quiz
Next Quiz
Link to next quiz in quiz playlist
You Got
0%
They Got
Avg Score
64%
Avg Friend Score
Upgrade to see
Score Distribution
Jump to the score distribution portion of the page
Score
0/10
Timer
06:00
0
Plays Today
Hint
characters
% Correct
she dresses like a cat
Catwoman
92.4%
his real name is Bruce Banner
Hulk
92.4%
steel claws come out when he gets angry
Wolverine
84.7%
red and black costume
Deadpool
74%
a blind man
Daredevil
70.8%
black costume with a skull
Punisher
66%
at night he will turn into a fiery demon
Ghost Rider
59.4%
vampire hunter
Blade
50.7%
a D.C version of question number 1
Deathstroke
29.2%
a.k.a Flash Thompson
Agent Venom
25%
Quiz Playlist
Details
Report
Send in Message
Add To Playlist
More Info:
name my top 10 anti-heroes
Classic:
Type in answers that appear in a list
Last Updated: Feb 16, 2017
Quiz Scoreboard
CHALLENGE
Sign Up to Join the Scoreboard
Show All
Scores
Hide
Comments
May contain spoilers
Recently Published
Image Sorting: Flags VI
by Barbecue
Geography
2m
Find the 'City' Movie
by crazypaving
Movies
60s
Colored Red Africa Blitz
by spor1
Geography
45s
More to Explore
Quiz From the Vault
Featured Blog Post
14 Easter Pick-up Lines to Find Eggs With
hide this ad
You Might Also Like...
Tags
Antihero
Character
Top 10
Today's Top Quizzes in Entertainment
Browse Entertainment
hide this ad
Today's Top Quizzes in Character
Browse Character
Top Contributed Quizzes in Entertainment
1
Marvel Classic Character Map
2
Dragon Ball Z: Goku's Fights in Order
3
Marvel Characters Bunker
4
JoJo's Bizarre Logic Quiz
5
Harry Styles-Are you no.1 fan
6
Sorting Pictures: Villains
7
This is Your Life: Edward Elric
8
Celebrity Spelling Bee
9
This is Your Life: Itachi Uchiha
10
BOYS PLANET Quiz
Explore More
Trending Topics
Disney
Harry Potter
Crossword
Kpop
Marvel
NBA
Anime
The Office
WWE
Song
Puzzle
Pokémon
Country
NFL
Soccer
hide this ad
More By:
WadeMastel
Quiz
Plays
Rating
Category
Featured
Created
Avengers in Avengers2
635
2.75
Entertainment
May 17, 2015
my top10 anti-heroes
289
2.42
Entertainment
Apr 22, 2015
Star Wars or Star Trek Acror
202
2.72
Entertainment
Oct 2, 2017
characters with horns
75
2.12
Entertainment
Apr 1, 2015
Go to Creator's Profile
Score Distribution
Quiz Creator Spotlight
WadeMastel
Follow
Send a Message
Quizzes Created
-
Created Quiz Play Count
-
More By This Creator
Popular Quizzes Today
1
Colored Red Africa Blitz
2
Find the US States - No Outlines Minefield
3
Find the 'City' Movie
4
5x2 Blitz: Bands
5
The Countries of the World
6
Find the US States
7
Find the Countries of Europe - No Outlines Minefield
8
US States
More Entertainment Quizzes
Rupauls Drag Race Does Not Belong
Quiz Lab
Trending Quizzes
Colored Red Europe Blitz I
Colored Red Europe Blitz II
Colored Red Africa Blitz II
Colored Red Europe Blitz III
Colored Red Africa Blitz III
Recently Updated
How Do You Spell That?
pecheneg
Godzilla Movies
pecheneg
Grab Bag: 4-10 Letters
pecheneg
2024 March Madness Bracket
pecheneg
Famous TV Couples
Peacemaker
Champions League XIs: Real Madrid
pecheneg
Largest US Cities 1790-2010
pecheneg
Rides in Walt Disney World
pecheneg
Most Oscar Losses (Acting)
pecheneg
Beyoncé Albums
pecheneg
Trending Topics
Harry Potter
Kpop
Marvel
Anime
Disney
NBA
Crossword
Country
Pokémon
The Office
NFL
Soccer
WWE
Song
Puzzle
Your Account Isn't Verified!
In order to create a playlist on Sporcle, you need to verify the email address you used during registration. Go to your
Sporcle Settings
to finish the process.
Report this User
Report this user for behavior that violates our
Community Guidelines
.
Details:
Send Report
Go to the Sporcle.com Mobile Site →
Comments